| 000 | 00462nam a2200169Ia 4500 | ||
|---|---|---|---|
| 999 |
_c289 _d289 |
||
| 003 | OSt | ||
| 005 | 20201228101038.0 | ||
| 008 | 190216s9999||||xx |||||||||||||| ||und|| | ||
| 040 | _coclc | ||
| 082 |
_a297 _bBAP/I |
||
| 100 |
_aBappu, K P _97884 |
||
| 245 | 0 |
_aIslam Mathanushtanangal / _cK P Bappu |
|
| 260 |
_bIslamic Publishing House, _c1982. _aKozhikode: |
||
| 300 | _a87p | ||
| 650 | _aArabic | ||
| 942 |
_cBK _2ddc _h297 _iBAP/I _k297 _mBAP/I |
||